Cafe culture in Pune : (Record no. 90024)

MARC details
000 -LEADER
fixed length control field 00715nam a22002057a 4500
005 - DATE AND TIME OF LATEST TRANSACTION
control field 20240620114823.0
010 ## - LCCN (DPL NO)
LC control number ENG-111219
020 ## - INTERNATIONAL STANDARD BOOK NUMBER
International Standard Book Number 9780198099437
Terms of availability 995.00
035 ## - SYSTEM CONTROL NUMBER
System control number EN-94751
037 ## - SOURCE OF ACQUISITION
Source of stock number/acquisition DBAD/PUB
082 ## - DEWEY DECIMAL CLASSIFICATION NUMBER
Classification number 305.2350954
100 ## - MAIN ENTRY--PERSONAL NAME
Personal name Robinson, Teresa Platz
245 ## - TITLE STATEMENT
Title Cafe culture in Pune :
Statement of responsibility, etc by Teresa Platz Robinson
Remainder of title being young and middle class in urban India /
260 ## - PUBLICATION, DISTRIBUTION, ETC. (IMPRINT)
Place of publication, distribution, etc New Delhi
Name of publisher, distributor, etc Oxford University Press
Date of publication, distribution, etc 2014
270 ## - ADDRESS
Address YMCA Library building, 1 Jai Singh Road
City New Delhi
Postal code 110001
300 ## - PHYSICAL DESCRIPTION
Extent viii, 285p.
Dimensions 22cm(Hb)
500 ## - GENERAL NOTE
General note Includes bibliographical references and index
700 ## - ADDED ENTRY--PERSONAL NAME
Personal name Menon, Ajit
9 (RLIN) 67608
942 ## - ADDED ENTRY ELEMENTS (KOHA)
Source of classification or shelving scheme Dewey Decimal Classification
Item type English Books
Classification part 305.2350954
Call number suffix ROB
Holdings
Withdrawn status Lost status Not for loan Collection code Home library Current library Date acquired Source of acquisition Cost, normal purchase price Full call number Barcode Copy number Cost, replacement price Koha item type
      Non-fiction Central Library Central Library 13/11/2014 DBAD 995.00 305.2350954 ROB EN-94751 1 995.00 English Books

© Delhi Public Library
Hit Counter
free hit counter